=LDR 00000nam 2200000 4500 =001 NUTBA000000000005350 =005 20210504084752 =035 ##$$a 0010-101400000000580 =008 210504###########################0#ind## =020 ##$$a 602.8520-62-4 =040 ##$$a NBPDMAT =082 ##$$a 92(Soedirman) =090 ##$$a 92(Soedirman) Tan s =100 ##$$a Tanti Meranti =245 1#$$a Strategi perjuangan jendral Soedirman /$c Tanti Meranti =250 ##$$a Cet. 2 =260 ##$$a Jakarta :$b Ghina Walasafa,$c 2011 =300 ##$$a vi, 51 hlm : $b ilus ; $c 21 x 24 xm =500 ##$$a Bibliografi hlm : 49 =650 #4$$a Soedirman 1016-1950 =850 ##$$a NBPDMAT =990 ##$$a 21413217 =990 ##$$a 21413218 =990 ##$$a 21413219 =990 ##$$a 21413220 =990 ##$$a 21413221 =990 ##$$a 0001/BPAP-NTB/2015 =990 ##$$a 0001/BPAP-NTB/2016 =990 ##$$a 21403763 =990 ##$$a 21413217 =990 ##$$a 21413218 =990 ##$$a 21413219 =990 ##$$a 21413220 =990 ##$$a 21413221 =990 ##$$a 0001/BPAP-NTB/2016 =990 ##$$a 21403766 =990 ##$$a 21413217 =990 ##$$a 21413218 =990 ##$$a 21413219 =990 ##$$a 21413220 =990 ##$$a 21413221 =990 ##$$a 21403763